01013nas a2200229Ia 4500001001100000003000900011008004100020040001300061040001300074041001300087100004500100210001200145222001200157245013900169250001100308260002200319501008600341300001800427362003100445500026400476650004300740R142/77679IT-RoPAU151124c99999999xx |||||||||||| ||und|| aIT-RoPAU cIT-RoPAU aFRANCESE aBrousseau EricgCodice Aut. SPICS: 46031 aRESEAUX aReseaux aRESEAUX, N.054 (LUGLIO/AGOSTO 1992)bCouts De Transaction Et Impact Organisationnel Des Technologies D'Information Et De Communication a1a ed. aPARISbCNETc1992 bPaulus - SPICS - Società San Paolo EM (non-commercial uses only)cCopyright2015 a25 p. [31-55] aN.054 (LUGLIO/AGOSTO 1992) aCosti di Transazione e Impatto Organizzativo Delle Tecnologie D'Informazione e Comunicazione. Cambiamenti Organizzativi. Verso Forme di Coordinazionepiù Mercantili. Gerarchie Messe in Atto Dal Mercato. Universalità e Limiti Delle Tecnologie Legati All'Uso aCOMUNICAZIONEvPUBBLICAZIONE PERIODICA